000 01464nam a2200373 i 4500
001 197086
003 ES-MaACL
005 20250825062709.0
008 250103s2020 sp a | |||| 000 0 spa
015 _aMON20
017 _aM 20354-2020
_bOficina Depósito Legal Madrid
020 _a9788418320088
035 _a(SpMaBN)a6715636
040 _aSpMaBN
_bspa
_cSpMaBN
_erda
080 _a347.772(460)"19"
100 1 _aRuiz-Goseascoechea, Fernando
_9239956
_eaut
245 1 0 _a¿A qué huelen los recuerdos? :
_bmarcas que dejan huella /
_cFernando Ruiz-Goseascoechea.
250 _aPrimera edición: octubre 2020
264 1 _aMadrid :
_bDiábolo Ediciones,
_c[2020].
300 _a311 páginas :
_bilustraciones (blanco y negro y color) ;
_c24 cm.
336 _aTexto
_aImagen fija
_2rdacontent
337 _asin mediación
_2rdamedia
338 _avolumen
_2rdacarrier
504 _aBibliografía: páginas 308-311
650 7 _aMarcas comerciales
_2embne
_9237223
651 4 _98209
_aEspaña-
_xHistoria
655 7 _2tgfbne
_aLibros ilustrados
_9193653
852 _aES-MaACL
_cDEPOJ
_jN-10476
_hDonación: José Lázaro García
_xEncuadernación rústica con solapas
_9206599
903 _9234219
_aLázaro García, José
_ednr
942 _cMONOGRAFIA
_n0
999 _c197086
_d197086